Normal view
MARC view
Entry Personal Name
001 - CONTROL NUMBER
- control field: 38182
003 - CONTROL NUMBER IDENTIFIER
- control field: ARRUPE
005 - DATE AND TIME OF LATEST TRANSACTION
- control field: 20171208144823.0
008 - FIXED-LENGTH DATA ELEMENTS
- fixed length control field: 171208|| aca||aabn | a|a d
040 ## - CATALOGING SOURCE
- Original cataloging agency: ARRUPE
- Transcribing agency: ARRUPE
100 ## - HEADING--PERSONAL NAME
- Personal name: Pelle, Alex
670 ## - SOURCE DATA FOUND
- Source citation: Work cat.: (ARRUPE)4609: Hallet, Jean-Pierre 38179, Pygmy Kitabo